Statistiche per Primi 15 paesi interessati da Covid-19 - 10 mag 2021

Clicka qui per fare il quiz!

Statistiche generali

  • Questo quiz è stato fatto 3 volte
  • Il punteggio medio è 20 su 28

Statistiche sulle risposte

paese% Corretto
Argentina
100%
Brasile
100%
Colombia
100%
Francia
100%
Germania
100%
Italia
100%
Polonia
100%
Russia
100%
Stati Uniti
100%
Belgio
67%
Croazia
67%
Estonia
67%
India
67%
Lituania
67%
Messico
67%
Paesi Bassi
67%
Portogallo
67%
Regno Unito
67%
Slovenia
67%
Spagna
67%
Svezia
67%
Turchia
67%
Ungheria
67%
Cechia
33%
Iran
33%
Israele
33%
Panama
33%
Bahrain
0%

Distribuzione punteggi

Percentile per numero di risposta

Percentuale di utenti per punteggio

I tuoi punteggi nel tempo

Non hai fatto questo quiz